El trasplante de corazón: en sus aspectos médico-legales, éticos y jurídicos
Bewaard in:
| Hoofdauteur: | |
|---|---|
| Formaat: | Boek |
| Taal: | Spaans |
| Gepubliceerd in: |
Santiago
Universitaria
1969
|
| Reeks: | Problemas de Nuestro Tiempo, 5
|
| Onderwerpen: | |
| Tags: |
Voeg label toe
Geen labels, Wees de eerste die dit record labelt!
|
MARC
| LEADER | 00000nam a2200000 a 4500 | ||
|---|---|---|---|
| 001 | UCT1872 | ||
| 003 | CL-VaPUC | ||
| 008 | 961004e19690000CL |||||||||||||||||spa|d | ||
| 082 | 0 | 4 | |a 617.412 |b NOV |2 21 |
| 100 | |a Novoa Monreal, Eduardo |e autor |9 499707 | ||
| 245 | 1 | 3 | |a El trasplante de corazón: en sus aspectos médico-legales, éticos y jurídicos |
| 300 | |a 77 p | ||
| 942 | |c BK | ||
| 945 | |d 19961004 00:00:00 |a cmena | ||
| 260 | |a Santiago |b Universitaria |c 1969 | ||
| 650 | 7 | |a TRASPLANTE |2 CL-VaPUC |9 370864 | |
| 650 | 7 | |a CIRUGIA CARDIOVASCULAR |2 CL-VaPUC |9 356098 | |
| 650 | 0 | |a Corazón |9 343795 | |
| 650 | 0 | |a Ética médica |9 312024 | |
| 650 | 0 | |a Aspectos legales |9 323328 | |
| 583 | |a last modification |c 20180403 01:23:20 |k Rodrigo Vera | ||
| 490 | 0 | |a Problemas de Nuestro Tiempo, 5 | |
| 999 | |c 252227 |d 252225 | ||
| 952 | |0 0 |1 0 |4 0 |6 617_412000000000000_NOV_1969 |7 0 |8 A |9 271967 |a BIBCUR |b BIBCUR |d 2019-11-19 |i 1755390 |o 617.412 NOV 1969 |p 1755390 |r 2025-04-22 |w 2019-11-19 |y BK |k BCB | ||